Представление документа в формате MARC21

Поле Инд. ПП Название Значение
Тип записи a
Библиографический уровень b
001 Контрольный номер RU/IS/BASE/106838366
005 Дата корректировки 20200601191448.4
084 a Индекс другой классификации/Индекс ББК 74.480.266.6; 66(2Рос); 66р30
100 1_ a Автор Самсонова Т. Н.
245 a Заглавие Политическое лидерство
b Продолж. заглавия (спецкурс - 32 часа)
500 a Примечание В рубрике "В помощь преподавателю"
520 a Аннотация Список тем для спецкурса, темы докладов, список литературы. Курс по данной проблематике читается автором на социологическом факультете МГУ им. М. В. Ломоносова
650 a Основная рубрика высшее образование
a Основная рубрика дидактика
a Основная рубрика методика преподавания
a Основная рубрика образование
a Основная рубрика политика
a Основная рубрика политология
a Основная рубрика профессиональное образование
653 a Ключевые слова лидерство
a Ключевые слова политические лидеры
a Ключевые слова политическое лидерство
a Ключевые слова преподавание политологии
a Ключевые слова психология
a Ключевые слова Россия
a Ключевые слова социальная психология
773 t Заглавие источника Вестник Московского университета. Серия 18, Социология и политология
d Дата издания источника 2002
g Прочая информация № 1. - С. 174 - 178
w Контрольный № источника RU/IS/BASE/148577933
901 t Тип документа b